|
|
|
|
| LEADER |
01471nam a2200409 a 4500 |
| 001 |
001399120 |
| 003 |
CZ BrMZK |
| 005 |
20140801144352.0 |
| 007 |
ta |
| 008 |
140701s2014 xr e 000 0 cze |
| 015 |
|
|
|a cnb002596509
|
| 020 |
|
|
|q (Brož.)
|
| 035 |
|
|
|a (OCoLC)886605802
|
| 040 |
|
|
|a BOA001
|b cze
|
| 041 |
0 |
|
|a cze
|b cze
|b eng
|
| 043 |
|
|
|a e------
|
| 072 |
|
7 |
|a 342
|x Ústavní právo. Správní právo
|2 Konspekt
|9 16
|
| 080 |
|
|
|a 342.71(4)
|2 MRF
|
| 080 |
|
|
|a 341.171(4)
|2 MRF
|
| 080 |
|
|
|a (048.8:082)
|2 MRF
|
| 245 |
0 |
0 |
|a Práva a povinnosti spojené s občanstvím Evropské unie v aktuálních souvislostech vývoje unijního práva
|
| 250 |
|
|
|a Vyd. 1.
|
| 260 |
|
|
|a Praha :
|b Karolinum,
|c 2014
|
| 300 |
|
|
|a 95 s. ;
|c 23 cm
|
| 490 |
1 |
|
|a Acta Universitatis Carolinae. Iuridica,
|x 0323-0619 ;
|v 2/2013
|
| 504 |
|
|
|a Obsahuje bibliografické odkazy
|
| 546 |
|
|
|a Česká a anglická resumé
|
| 550 |
|
|
|a Vydavatel: Univerzita Karlova v Praze
|
| 650 |
0 |
7 |
|a občanství Evropské unie
|7 ph572361
|2 czenas
|
| 650 |
0 |
7 |
|a evropské právo
|7 ph121776
|2 czenas
|
| 655 |
|
7 |
|a kolektivní monografie
|7 fd501537
|2 czenas
|
| 710 |
2 |
|
|a Univerzita Karlova
|7 kn20010710036
|
| 830 |
|
0 |
|a Acta Universitatis Carolinae.
|p Iuridica
|0 s
|
| 910 |
|
|
|a BOA001
|b 00923-0461.110,Iuridica
|
| 990 |
|
|
|a BK
|
| 991 |
|
|
|b 201407
|e n
|
| 996 |
6 |
|
|b 2610594400
|c 00923-0461.110,Iuridica
|d 2013 2
|v 2013
|i 2
|y 2013
|l MZK
|r Sklad / do 1 hodiny
|n 0
|p p.v.
|w 000156827
|u 000790
|a 1
|e BOA001
|j MZK50
|s P
|